[Event "ECCC 2013"]
[Site "Rhodes"]
[Date "2013.10.20"]
[Round "1"]
[White "Moen, Andreas"]
[Black "Topalov, Veselin"]
[Result "0-1"]
[WhiteElo "2390"]
[BlackElo "2771"]
[PlyCount "70"]
[EventDate "2013.10.20"]
[EventType "team"]
[EventRounds "7"]
[EventCountry "GRE"]
[WhiteTeam "Oslo Schakselskap"]
[BlackTeam "SOCAR"]

1. e4 c5 2. Nf3 e6 3. d4 cxd4 4. Nxd4 a6 5. Nc3 Qc7 6. Bd3 Bc5 7. Nb3 Be7 8. f4
b5 9. a3 Bb7 10. O-O d6 11. Kh1 Nd7 12. Bd2 Ngf6 13. Qe2 O-O 14. Nd4 Rac8 15.
Rae1 Nc5 16. b4 Nxd3 17. cxd3 Qd7 18. Rc1 Rfe8 19. Nb3 g6 20. Be3 Bf8 21. Rc2
Nh5 22. Rfc1 d5 23. exd5 exd5 24. Qf2 d4 25. Nxd4 Rcd8 26. Ne4 Bxe4 27. dxe4
Rxe4 28. Nb3 Qe6 29. Rc3 Re8 30. Bd2 Nxf4 31. Nd4 Rxd4 32. Bxf4 Rxf4 33. Qxf4
Bh6 34. Qxh6 Qe1+ 35. Rxe1 Rxe1# 0-1

[Event "ECCC 2013"]
[Site "Rhodes"]
[Date "2013.10.20"]
[Round "1"]
[White "Persson, Mats"]
[Black "Safarli, Eltaj"]
[Result "0-1"]
[WhiteElo "2238"]
[BlackElo "2651"]
[PlyCount "82"]
[EventDate "2013.10.20"]
[EventType "team"]
[EventRounds "7"]
[EventCountry "GRE"]
[WhiteTeam "Oslo Schakselskap"]
[BlackTeam "SOCAR"]

1. e4 c5 2. Nf3 d6 3. Nc3 Nf6 4. e5 dxe5 5. Nxe5 a6 6. Be2 Qc7 7. d4 e6 8. Bf3
cxd4 9. Qxd4 Bc5 10. Qa4+ b5 11. Qf4 Bb7 12. Bxb7 Qxb7 13. Qg3 g6 14. Nd3 Be7
15. Bh6 Nbd7 16. O-O Rc8 17. Rac1 Rc4 18. h3 Bf8 19. Bxf8 Kxf8 20. Nb1 Qc7 21.
Qxc7 Rxc7 22. Nd2 Nb6 23. Nb3 Nc4 24. Rfd1 Kg7 25. c3 Rd8 26. Nbc5 Nxb2 27.
Nxe6+ fxe6 28. Nxb2 Rxd1+ 29. Nxd1 Nd5 30. a3 Kf6 31. Kf1 Ke5 32. g3 a5 33. Rb1
Rc5 34. Ke1 Ke4 35. Ke2 Rxc3 36. Rxb5 Rxa3 37. Rb7 Ra2+ 38. Ke1 Kd3 39. Rxh7
Ra1 40. Rb7 a4 41. h4 a3 0-1

[Event "ECCC 2013"]
[Site "Rhodes"]
[Date "2013.10.20"]
[Round "1"]
[White "Ferguson, Mark"]
[Black "Movsesian, Sergei"]
[Result "0-1"]
[WhiteElo "2414"]
[BlackElo "2696"]
[PlyCount "114"]
[EventDate "2013.10.20"]
[EventType "team"]
[EventRounds "7"]
[EventCountry "GRE"]
[WhiteTeam "Barbican 4NCL"]
[BlackTeam "Saint-Petersburg"]

1. e4 c5 2. Nf3 e6 3. d3 Nc6 4. g3 Nf6 5. Bg2 Be7 6. O-O O-O 7. Re1 d6 8. c3
Bd7 9. d4 cxd4 10. cxd4 d5 11. e5 Ne4 12. Nbd2 Nxd2 13. Bxd2 Qb6 14. Bc3 a5 15.
Qd2 Rfc8 16. a3 Qd8 17. Bf1 b5 18. Bxb5 Nxe5 19. dxe5 Bxb5 20. Rac1 Bd7 21. Bd4
Rc4 22. Rc3 a4 23. Rec1 Bb5 24. Qe3 Rac8 25. Nd2 Bg5 26. f4 Be7 27. h3 h6 28.
Kh2 Qd7 29. R1c2 Rxc3 30. Rxc3 Rb8 31. Rc1 Ba6 32. Rc2 Bd8 33. Kg2 Ba5 34. Kh2
Qb7 35. Kg1 Bb5 36. Kh2 Qa6 37. Rc1 Bd3 38. Kg1 Bg6 39. Kf2 Kh7 40. g4 Rb5 41.
Rc5 Rb7 42. Rc1 Bd8 43. Kf3 Rb8 44. Kf2 Qb7 45. Kg3 Ba5 46. Kf2 Bb6 47. b4 axb3
48. Nxb3 Bxd4 49. Nxd4 Qb2+ 50. Ne2 Qa2 51. Kg3 Rb2 52. Nd4 Be4 53. Rc7 Rd2 54.
Rc3 Rh2 55. Kh4 Qg2 56. Qg3 Qh1 57. Qe3 Bg2 0-1

[Event "ECCC 2013"]
[Site "Rhodes"]
[Date "2013.10.20"]
[Round "1"]
[White "Matlakov, Maxim"]
[Black "Grafl, Florian"]
[Result "1-0"]
[WhiteElo "2682"]
[BlackElo "2379"]
[PlyCount "49"]
[EventDate "2013.10.20"]
[EventType "team"]
[EventRounds "7"]
[EventCountry "GRE"]
[WhiteTeam "Saint-Petersburg"]
[BlackTeam "Barbican 4NCL"]

1. d4 f5 2. g3 Nf6 3. Bg2 e6 4. Nf3 Be7 5. O-O O-O 6. c4 d6 7. b4 c6 8. Nc3 Ne4
9. Bb2 a5 10. a3 axb4 11. axb4 Rxa1 12. Bxa1 d5 13. Qb3 Nd7 14. b5 Bf6 15. Rb1
Nd6 16. c5 Nc4 17. e3 e5 18. Bf1 e4 19. Bxc4 dxc4 20. Qxc4+ Kh8 21. Nd2 Be7 22.
bxc6 bxc6 23. Qa4 Nxc5 24. dxc5 Qxd2 25. Rd1 1-0

[Event "ECCC 2013"]
[Site "Rhodes"]
[Date "2013.10.20"]
[Round "1"]
[White "Chapman, Terry P D"]
[Black "Efimenko, Zahar"]
[Result "0-1"]
[WhiteElo "2331"]
[BlackElo "2661"]
[PlyCount "86"]
[EventDate "2013.10.20"]
[EventType "team"]
[EventRounds "7"]
[EventCountry "GRE"]
[WhiteTeam "Barbican 4NCL"]
[BlackTeam "Saint-Petersburg"]

1. Nf3 g6 2. d4 Bg7 3. c4 Nf6 4. Nc3 O-O 5. g3 d5 6. cxd5 Nxd5 7. Bg2 Nxc3 8.
bxc3 c5 9. O-O Nc6 10. d5 Na5 11. Bf4 Nc4 12. Qb3 Nd6 13. a4 Qb6 14. Qa3 Bd7
15. Nd2 Qa6 16. e4 Rac8 17. Rfb1 b6 18. Bf1 Qb7 19. e5 Ne8 20. Bg2 Bf5 21. Re1
Qd7 22. Qb3 Nc7 23. Rad1 b5 24. axb5 Qxb5 25. Qa3 a5 26. Ra1 c4 27. Qxa5 Rfd8
28. Bg5 Rd7 29. e6 fxe6 30. dxe6 Qxa5 31. exd7 Qxc3 32. dxc8=Q+ Bxc8 33. Rac1
Qa5 34. Nxc4 Qxg5 35. Nb6 Bg4 36. h3 Bd4 37. Rxc7 Bxb6 38. Rcxe7 Bxh3 39. Re8+
Kg7 40. R1e7+ Kh6 41. Bxh3 Qxg3+ 42. Bg2 Qxf2+ 43. Kh2 Qf4+ 0-1

[Event "ECCC 2013"]
[Site "Rhodes"]
[Date "2013.10.20"]
[Round "1"]
[White "Zvjaginsev, Vadim"]
[Black "Dorrington, Chris J"]
[Result "1/2-1/2"]
[WhiteElo "2659"]
[BlackElo "2313"]
[PlyCount "103"]
[EventDate "2013.10.20"]
[EventType "team"]
[EventRounds "7"]
[EventCountry "GRE"]
[WhiteTeam "Saint-Petersburg"]
[BlackTeam "Barbican 4NCL"]

1. c4 e6 2. Nc3 Nf6 3. Nf3 d5 4. e3 c5 5. cxd5 Nxd5 6. Bc4 Nc6 7. O-O Be7 8. d4
O-O 9. Bxd5 exd5 10. dxc5 Be6 11. b3 Bxc5 12. Bb2 Bb6 13. Na4 Bg4 14. Nxb6 axb6
15. h3 Bh5 16. g4 Bg6 17. Nd4 Re8 18. Nxc6 bxc6 19. Qd4 f6 20. f3 Qd6 21. Kg2
c5 22. Qd2 h5 23. Rfe1 Re7 24. Qf2 Rae8 25. Rad1 d4 26. Bc1 hxg4 27. hxg4 dxe3
28. Rxd6 exf2 29. Rxe7 Rxe7 30. Kxf2 Rb7 31. Be3 Bf7 32. Kg3 c4 33. bxc4 Bxc4
34. a4 Bb3 35. Rd8+ Kh7 36. Ra8 Bc4 37. Kf2 Kg6 38. f4 Kh7 39. Bd4 Be6 40. Kg3
Bc4 41. Kh4 Be2 42. g5 Kg6 43. gxf6 gxf6 44. Rf8 Rf7 45. f5+ Kg7 46. Rb8 Ra7
47. Rxb6 Rxa4 48. Rd6 Bd3 49. Kg4 Bc2 50. Kf4 Rb4 51. Ke3 Rxd4 52. Rxd4 1/2-1/2

[Event "ECCC 2013"]
[Site "Rhodes"]
[Date "2013.10.20"]
[Round "1"]
[White "Lauterbach, Ingrid"]
[Black "Khairullin, Ildar"]
[Result "0-1"]
[WhiteElo "2123"]
[BlackElo "2651"]
[PlyCount "76"]
[EventDate "2013.10.20"]
[EventType "team"]
[EventRounds "7"]
[EventCountry "GRE"]
[WhiteTeam "Barbican 4NCL"]
[BlackTeam "Saint-Petersburg"]

1. Nf3 f5 2. d4 Nf6 3. g3 g6 4. Bg2 Bg7 5. c4 O-O 6. Nc3 d6 7. O-O c6 8. Rb1 a5
9. a3 Ne4 10. Nxe4 fxe4 11. Ng5 d5 12. Be3 a4 13. b3 axb3 14. Qxb3 e6 15. Nh3
Qa5 16. Ra1 Qa4 17. Qxa4 Rxa4 18. cxd5 cxd5 19. Bf4 Nc6 20. e3 h6 21. Bd6 Rd8
22. Bc5 g5 23. Rfd1 e5 24. dxe5 Nxe5 25. Rab1 Bg4 26. Bb6 Rd7 27. Rdc1 Rxa3 28.
Rc7 Rxc7 29. Bxc7 Nf3+ 30. Kh1 Ra2 31. Ng1 Rxf2 32. Rxb7 Ne1 33. Rb8+ Kf7 34.
Rb7 Ke6 35. Ba5 Nxg2 36. Rxg7 Nxe3 37. Rg6+ Kf7 38. Rxh6 Rf1 0-1

[Event "ECCC 2013"]
[Site "Rhodes"]
[Date "2013.10.20"]
[Round "1"]
[White "Kjartansson, David"]
[Black "Korobov, Anton"]
[Result "0-1"]
[WhiteElo "2348"]
[BlackElo "2716"]
[PlyCount "80"]
[EventDate "2013.10.20"]
[EventType "team"]
[EventRounds "7"]
[EventCountry "GRE"]
[WhiteTeam "Viking Chess Club"]
[BlackTeam "Ugra"]

1. e4 c5 2. Nf3 d6 3. d4 cxd4 4. Nxd4 Nf6 5. Nc3 a6 6. h3 g6 7. g4 Bg7 8. Bg2
O-O 9. O-O Bd7 10. Nde2 Nc6 11. Ng3 Rc8 12. Be3 Na5 13. Nce2 Ne8 14. Bd4 Bb5
15. Bxg7 Nxg7 16. b3 Bxe2 17. Qxe2 e5 18. Qd2 Ne6 19. Ne2 Nc6 20. c3 Qh4 21.
Qe3 h5 22. Rad1 hxg4 23. Rxd6 Rcd8 24. Rfd1 Rxd6 25. Rxd6 gxh3 26. Qxh3 Qe7 27.
Qd3 Ncd4 28. Rxd4 exd4 29. cxd4 Qg5 30. e5 Rd8 31. Qe3 Qxe3 32. fxe3 b6 33. Kf2
a5 34. Bc6 Kg7 35. Kf3 Rh8 36. a3 Rh2 37. Bb5 f6 38. exf6+ Kxf6 39. Nc3 Nxd4+
40. Kg3 Nxb5 0-1

[Event "ECCC 2013"]
[Site "Rhodes"]
[Date "2013.10.20"]
[Round "1"]
[White "Rublevsky, Sergei"]
[Black "Sigurjonsson, Stefan Th"]
[Result "1-0"]
[WhiteElo "2695"]
[BlackElo "2104"]
[PlyCount "81"]
[EventDate "2013.10.20"]
[EventType "team"]
[EventRounds "7"]
[EventCountry "GRE"]
[WhiteTeam "Ugra"]
[BlackTeam "Viking Chess Club"]

1. e4 e6 2. d4 d5 3. Nd2 c5 4. Ngf3 Nc6 5. exd5 exd5 6. Bb5 Qe7+ 7. Be2 Nf6 8.
O-O Qd6 9. dxc5 Qxc5 10. Nb3 Qd6 11. Nfd4 a6 12. Nxc6 bxc6 13. Re1 Be7 14. Be3
Qc7 15. Bc5 Bxc5 16. Nxc5 O-O 17. Qd4 a5 18. Bd3 Rb8 19. b3 Nd7 20. Re7 Qd6 21.
Ne6 Nf6 22. Qc5 Qe5 23. Nd4 Be6 24. Rf1 Ng4 25. Nf3 Qf6 26. Rc7 Rb4 27. Rxc6
Rf4 28. h3 Nh6 29. Qe3 d4 30. Qe2 Qd8 31. Qe5 Rf6 32. Nxd4 Re8 33. Nxe6 Rfxe6
34. Rxe6 Rxe6 35. Qc3 Kh8 36. Re1 Rxe1+ 37. Qxe1 Ng8 38. Bc4 f6 39. Qe6 Ne7 40.
g3 Ng6 41. Qd5 1-0

[Event "ECCC 2013"]
[Site "Rhodes"]
[Date "2013.10.20"]
[Round "1"]
[White "Runarsson, Gunnar"]
[Black "Khismatullin, Denis"]
[Result "0-1"]
[WhiteElo "2074"]
[BlackElo "2656"]
[PlyCount "56"]
[EventDate "2013.10.20"]
[EventType "team"]
[EventRounds "7"]
[EventCountry "GRE"]
[WhiteTeam "Viking Chess Club"]
[BlackTeam "Ugra"]

1. d4 Nf6 2. Nc3 d5 3. Nf3 g6 4. Bf4 Bg7 5. e3 O-O 6. Be2 c6 7. O-O Bf5 8. Ne5
Nfd7 9. Bd3 Nxe5 10. Bxe5 Bxe5 11. dxe5 Nd7 12. Bxf5 gxf5 13. Qh5 e6 14. f4 f6
15. g4 fxe5 16. gxf5 Rxf5 17. Qg4+ Kh8 18. Kh1 Nf6 19. Qh3 Qd6 20. e4 Rxf4 21.
Rg1 d4 22. Rad1 Qf8 23. Qxe6 Re8 24. Qh3 dxc3 25. Rdf1 Nxe4 26. Rxf4 Qxf4 27.
Qh5 Nf2+ 28. Kg2 Rg8+ 0-1

[Event "ECCC 2013"]
[Site "Rhodes"]
[Date "2013.10.20"]
[Round "1"]
[White "Pridorozhni, Aleksei"]
[Black "Ingason, Sigurdur"]
[Result "1-0"]
[WhiteElo "2516"]
[BlackElo "1866"]
[PlyCount "103"]
[EventDate "2013.10.20"]
[EventType "team"]
[EventRounds "7"]
[EventCountry "GRE"]
[WhiteTeam "Ugra"]
[BlackTeam "Viking Chess Club"]

1. e4 e5 2. Bc4 Nf6 3. d3 Nc6 4. Nc3 Bc5 5. Nf3 d6 6. Na4 Bg4 7. Nxc5 dxc5 8.
h3 Bxf3 9. Qxf3 Na5 10. Bb3 Nxb3 11. axb3 Qd6 12. g4 Nd7 13. Qg3 a6 14. f4
O-O-O 15. Be3 f6 16. O-O-O Nb8 17. fxe5 fxe5 18. Rhf1 Rhf8 19. Rf5 Nc6 20. Rdf1
b6 21. Qf2 Rfe8 22. Rf7 Rd7 23. Qf5 g6 24. Qxd7+ Qxd7 25. Rxd7 Kxd7 26. Bg5 Nd8
27. Kd2 Re6 28. c3 Ke8 29. Bxd8 Kxd8 30. Ke3 Ke7 31. g5 Rd6 32. h4 b5 33. Rh1
Kf7 34. Rc1 Ke7 35. b4 Rc6 36. bxc5 Rxc5 37. Ra1 b4 38. cxb4 Rc2 39. Rxa6 Rxb2
40. h5 Rxb4 41. hxg6 hxg6 42. Rxg6 Rb1 43. Rg7+ Kf8 44. Rxc7 Rg1 45. Kd2 Rxg5
46. Kc3 Rg6 47. Kc4 Rd6 48. Rc5 Re6 49. Kd5 Ke7 50. Rc7+ Kf6 51. Rc6 Rxc6 52.
Kxc6 1-0

[Event "ECCC 2013"]
[Site "Rhodes"]
[Date "2013.10.20"]
[Round "1"]
[White "Navara, David"]
[Black "Agopov, Mikael"]
[Result "1-0"]
[WhiteElo "2703"]
[BlackElo "2434"]
[PlyCount "69"]
[EventDate "2013.10.20"]
[EventType "team"]
[EventRounds "7"]
[EventCountry "GRE"]
[WhiteTeam "G-Team Novy Bor"]
[BlackTeam "Chess Club Velhot"]

1. e4 c5 2. Nf3 Nc6 3. Bb5 g6 4. O-O Bg7 5. c3 Nf6 6. Re1 O-O 7. h3 e5 8. d3 d6
9. a3 Qc7 10. b4 a6 11. Bc4 b6 12. Be3 Be6 13. Bxe6 fxe6 14. Nbd2 h6 15. Qb3
Rfe8 16. Rac1 Kh7 17. d4 Nd7 18. Qa2 exd4 19. cxd4 Nd8 20. e5 Nb7 21. exd6 Qxd6
22. dxc5 bxc5 23. Ne4 Qd5 24. Qc2 Rac8 25. Red1 Qc6 26. Bxh6 Kxh6 27. Qd2+ Kh7
28. Qxd7 Qxd7 29. Rxd7 cxb4 30. Rxc8 Rxc8 31. axb4 Nd8 32. Nd6 Rb8 33. Ne8 Nf7
34. Nxg7 Kxg7 35. Ng5 1-0

[Event "ECCC 2013"]
[Site "Rhodes"]
[Date "2013.10.20"]
[Round "1"]
[White "Nyysti, Sampsa"]
[Black "Wojtaszek, Radoslaw"]
[Result "0-1"]
[WhiteElo "2358"]
[BlackElo "2698"]
[PlyCount "70"]
[EventDate "2013.10.20"]
[EventType "team"]
[EventRounds "7"]
[EventCountry "GRE"]
[WhiteTeam "Chess Club Velhot"]
[BlackTeam "G-Team Novy Bor"]

1. e4 c5 2. Nf3 d6 3. d4 cxd4 4. Nxd4 Nf6 5. Nc3 a6 6. h3 e5 7. Nb3 Be7 8. g4
b5 9. a4 b4 10. Nd5 Bb7 11. Bg2 Nxd5 12. exd5 a5 13. Nd2 Nd7 14. Nc4 O-O 15. b3
Ba6 16. Ne3 g6 17. Bb2 Rc8 18. Bf1 Bxf1 19. Rxf1 Bg5 20. Qe2 Bxe3 21. fxe3 Nc5
22. Rf3 Qh4+ 23. Qf2 Qg5 24. Qe2 Rc7 25. e4 Qh4+ 26. Kf1 f5 27. exf5 gxf5 28.
gxf5 Ne4 29. Qe1 Qxe1+ 30. Kxe1 Rxc2 31. Bc1 Kf7 32. Be3 Rg8 33. Rc1 Rg1+ 34.
Rf1 Rxf1+ 35. Kxf1 Ng3+ 0-1

[Event "ECCC 2013"]
[Site "Rhodes"]
[Date "2013.10.20"]
[Round "1"]
[White "Pruijssers, Roeland"]
[Black "Jobava, Baadur"]
[Result "0-1"]
[WhiteElo "2529"]
[BlackElo "2694"]
[PlyCount "82"]
[EventDate "2013.10.20"]
[EventType "team"]
[EventRounds "7"]
[EventCountry "GRE"]
[WhiteTeam "Accres Apeldoorn"]
[BlackTeam "PGMB-Rostov"]

1. e4 c5 2. Nf3 d6 3. d4 Nf6 4. Nc3 cxd4 5. Nxd4 g6 6. Be3 Bg7 7. f3 Nbd7 8. g4
Ne5 9. Be2 Be6 10. g5 Nfd7 11. f4 Nc4 12. Nxe6 Bxc3+ 13. bxc3 Nxe3 14. Nxd8
Nxd1 15. Nxf7 Kxf7 16. Rxd1 Rac8 17. Bg4 Ke8 18. e5 Rxc3 19. exd6 e6 20. Kd2
Rc6 21. Kc1 Nc5 22. h4 h5 23. Bf3 Ra6 24. f5 gxf5 25. g6 Kd7 26. g7 Rg8 27.
Rhg1 Rxa2 28. Kb1 Ra4 29. Bxh5 Ne4 30. Rd3 Nf2 31. Rdg3 Ng4 32. Bxg4 Rxg7 33.
Be2 Rxg3 34. Bb5+ Kxd6 35. Rd1+ Rd4 36. Rxd4+ Kc5 37. Rd7 Kxb5 38. Re7 Re3 39.
Rxb7+ Kc5 40. Rxa7 Rh3 41. Rh7 f4 0-1

[Event "ECCC 2013"]
[Site "Rhodes"]
[Date "2013.10.20"]
[Round "1"]
[White "Zhigalko, Sergei"]
[Black "Van Delft, Merijn"]
[Result "1-0"]
[WhiteElo "2683"]
[BlackElo "2425"]
[PlyCount "81"]
[EventDate "2013.10.20"]
[EventType "team"]
[EventRounds "7"]
[EventCountry "GRE"]
[WhiteTeam "PGMB-Rostov"]
[BlackTeam "Accres Apeldoorn"]

1. e4 c5 2. Nf3 e6 3. c3 Nf6 4. e5 Nd5 5. d4 cxd4 6. cxd4 d6 7. Bc4 Nb6 8. Bd3
Nc6 9. O-O Nb4 10. Bg5 Be7 11. Bxe7 Qxe7 12. Nc3 Nxd3 13. Qxd3 O-O 14. Ne4 dxe5
15. dxe5 Rd8 16. Nd6 Rb8 17. Rac1 Nd5 18. Nd4 Bd7 19. f4 Nb4 20. Qg3 Nc6 21.
Nxc6 Bxc6 22. f5 Rd7 23. Rc4 f6 24. fxe6 Qxe6 25. Rxf6 Qd5 26. Rg4 Re8 27. h4
Rxe5 28. Nf5 Rxf5 29. Rxg7+ Kh8 30. Rxf5 Rxg7 31. Rf8+ Qg8 32. Rxg8+ Kxg8 33.
Qb8+ Kf7 34. Qf4+ Ke6 35. g4 a6 36. g5 Rf7 37. Qg4+ Ke5 38. h5 Be4 39. Qg3+ Kf5
40. g6 Rg7 41. Qf2+ 1-0

[Event "ECCC 2013"]
[Site "Rhodes"]
[Date "2013.10.20"]
[Round "1"]
[White "Kuipers, Stefan"]
[Black "Azarov, Sergei"]
[Result "0-1"]
[WhiteElo "2411"]
[BlackElo "2623"]
[PlyCount "42"]
[EventDate "2013.10.20"]
[EventType "team"]
[EventRounds "7"]
[EventCountry "GRE"]
[WhiteTeam "Accres Apeldoorn"]
[BlackTeam "PGMB-Rostov"]

1. e4 e5 2. Nf3 Nc6 3. Bc4 Nf6 4. d3 Be7 5. c3 O-O 6. Bb3 d5 7. Nbd2 Be6 8. Qe2
Nh5 9. Nf1 Re8 10. g3 h6 11. Ba4 Nf6 12. Bxc6 bxc6 13. Nxe5 Bd6 14. Nxc6 Qd7
15. Nd4 dxe4 16. Nxe6 exd3 17. Qf3 Qxe6+ 18. Ne3 Ne4 19. Bd2 Rab8 20. b3 Ng5
21. Qg2 Qf6 0-1

[Event "ECCC 2013"]
[Site "Rhodes"]
[Date "2013.10.20"]
[Round "1"]
[White "Van Der Elburg, Freddie"]
[Black "Popov, Ivan"]
[Result "0-1"]
[WhiteElo "2196"]
[BlackElo "2653"]
[PlyCount "72"]
[EventDate "2013.10.20"]
[EventType "team"]
[EventRounds "7"]
[EventCountry "GRE"]
[WhiteTeam "Accres Apeldoorn"]
[BlackTeam "PGMB-Rostov"]

1. c4 e5 2. g3 h5 3. h4 Nc6 4. Bg2 Bc5 5. Nc3 d6 6. d3 Bg4 7. Nf3 Nge7 8. a3 a5
9. Bd2 Qd7 10. Na4 O-O 11. Nxc5 dxc5 12. Bc3 f6 13. b3 Rad8 14. Qd2 Qe6 15. Qb2
Nd4 16. Ng1 b6 17. Rd1 Qd6 18. Rd2 f5 19. e3 f4 20. gxf4 exf4 21. exd4 cxd4 22.
Bxd4 Qxd4 23. Qxd4 Rxd4 24. Nf3 Rd6 25. d4 Nc6 26. d5 Re8+ 27. Kf1 Ne5 28. Nd4
f3 29. Bh3 a4 30. Bxg4 hxg4 31. Nf5 axb3 32. Nxd6 cxd6 33. Kg1 Nxc4 34. Rd3
Re1+ 35. Kh2 g3+ 36. fxg3 f2 0-1

[Event "ECCC 2013"]
[Site "Rhodes"]
[Date "2013.10.20"]
[Round "1"]
[White "Kryakvin, Dmitry"]
[Black "Van Dommelen, Martin"]
[Result "1-0"]
[WhiteElo "2584"]
[BlackElo "2100"]
[PlyCount "121"]
[EventDate "2013.10.20"]
[EventType "team"]
[EventRounds "7"]
[EventCountry "GRE"]
[WhiteTeam "PGMB-Rostov"]
[BlackTeam "Accres Apeldoorn"]

1. d4 d5 2. c4 c6 3. Nf3 Nf6 4. Nc3 e6 5. Bg5 Be7 6. e3 Nbd7 7. cxd5 exd5 8.
Qc2 O-O 9. Bd3 Re8 10. O-O Nf8 11. h3 Nh5 12. Bxe7 Qxe7 13. Rab1 Qf6 14. Ne5
Qg5 15. f4 Qe7 16. Rf3 Nf6 17. g4 Ne4 18. Bxe4 dxe4 19. Rg3 f6 20. Nc4 b5 21.
Na5 Bd7 22. Nb3 f5 23. Nc5 Bc8 24. gxf5 Bxf5 25. Kh2 Nd7 26. Rbg1 g6 27. b4 Nb6
28. a4 a6 29. Rg5 Kh8 30. a5 Nc4 31. Qf2 h6 32. R5g2 Kh7 33. Ne2 Rg8 34. Ng3
Qh4 35. Kh1 Ra7 36. Rh2 Re8 37. Qe2 Nd6 38. Qe1 Qf6 39. Qd1 Nc4 40. Qe2 Nd6 41.
h4 h5 42. Nxf5 Nxf5 43. Qe1 Nh6 44. Rg5 Nf7 45. Rg3 Nh6 46. Qg1 Ng4 47. Rxg4
hxg4 48. Qxg4 Qf5 49. Rg2 Rg8 50. Kh2 Rf8 51. Qe2 Qd5 52. Qg4 Qf5 53. Rg3 Rf6
54. Qe2 Qd5 55. Qg2 Re7 56. Rg5 Qc4 57. h5 Rg7 58. Nxe4 Re6 59. Rc5 gxh5 60.
Ng5+ Kh6 61. Rxc4 1-0

[Event "ECCC 2013"]
[Site "Rhodes"]
[Date "2013.10.20"]
[Round "1"]
[White "Lubczynski, Rafal"]
[Black "Sutovsky, Emil"]
[Result "0-1"]
[WhiteElo "2432"]
[BlackElo "2657"]
[PlyCount "60"]
[EventDate "2013.10.20"]
[EventType "team"]
[EventRounds "7"]
[EventCountry "GRE"]
[WhiteTeam "Sautron"]
[BlackTeam "Odlar Yurdu"]

1. Nf3 g6 2. c4 Bg7 3. Nc3 e5 4. d4 exd4 5. Nxd4 Nc6 6. Nxc6 dxc6 7. Qxd8+ Kxd8
8. Bf4 Be6 9. O-O-O+ Kc8 10. e4 Nf6 11. Be5 Re8 12. f4 a5 13. Be2 a4 14. g4 Ra5
15. Bd4 a3 16. b4 c5 17. bxc5 Rd8 18. f5 Bd7 19. e5 Bc6 20. Rhf1 Ne4 21. fxg6
Rxd4 22. Rxd4 Nxc3 23. Kd2 Ne4+ 24. Rxe4 Bxe4 25. gxh7 Bxh7 26. Rxf7 Bh6+ 27.
Kc3 Bg8 28. g5 Bxf7 29. gxh6 Bg6 30. Bh5 Bh7 0-1

[Event "ECCC 2013"]
[Site "Rhodes"]
[Date "2013.10.20"]
[Round "1"]
[White "Guseinov, Gadir"]
[Black "Tripoteau, Nicolas"]
[Result "1-0"]
[WhiteElo "2603"]
[BlackElo "2363"]
[PlyCount "57"]
[EventDate "2013.10.20"]
[EventType "team"]
[EventRounds "7"]
[EventCountry "GRE"]
[WhiteTeam "Odlar Yurdu"]
[BlackTeam "Sautron"]

1. e4 c5 2. Nc3 a6 3. Nf3 e6 4. d4 cxd4 5. Nxd4 Qc7 6. g3 Bb4 7. Bd2 Nf6 8. Bg2
Nc6 9. Nb3 Be7 10. O-O d6 11. f4 b5 12. a3 Bb7 13. g4 h6 14. Kh1 Nd7 15. Qe2 g5
16. Nd5 exd5 17. exd5 Na7 18. Bc3 Qc4 19. Rae1 Qxe2 20. Rxe2 f6 21. Na5 Bc8 22.
Nc6 Nxc6 23. dxc6 Ne5 24. fxe5 dxe5 25. c7 Ra7 26. Bxe5 O-O 27. Bg3 Bc5 28. b4
Bxg4 29. Re4 1-0

[Event "ECCC 2013"]
[Site "Rhodes"]
[Date "2013.10.20"]
[Round "1"]
[White "Delorme, Alban"]
[Black "Durarbayli, Vasif"]
[Result "0-1"]
[WhiteElo "2283"]
[BlackElo "2548"]
[PlyCount "78"]
[EventDate "2013.10.20"]
[EventType "team"]
[EventRounds "7"]
[EventCountry "GRE"]
[WhiteTeam "Sautron"]
[BlackTeam "Odlar Yurdu"]

1. d4 Nf6 2. Nf3 e6 3. Nbd2 c5 4. e3 b6 5. Be2 d5 6. b3 Bd6 7. Bb2 O-O 8. O-O
Bb7 9. c4 Nbd7 10. Ne5 cxd4 11. exd4 dxc4 12. Ndxc4 Be7 13. Bf3 Nd5 14. Nxd7
Qxd7 15. Ne5 Qd6 16. a4 Rac8 17. Re1 Ba8 18. Nc4 Qb8 19. Rc1 Bb4 20. Re4 Rfd8
21. Rh4 Be7 22. Rg4 Nf6 23. Rg3 Bxf3 24. Rxf3 Qb7 25. Ne5 Qd5 26. h3 Bd6 27.
Rxc8 Rxc8 28. Nc4 Rd8 29. Rd3 Bb8 30. Qc2 Qe4 31. Nd2 Qb7 32. Nc4 Nd5 33. Qd1
Nf4 34. Rg3 Qe4 35. Kf1 e5 36. Rf3 exd4 37. Bc1 Ne6 38. Bb2 h6 39. Qd3 Qd5 0-1

[Event "ECCC 2013"]
[Site "Rhodes"]
[Date "2013.10.20"]
[Round "1"]
[White "Rasulov, Vugar"]
[Black "Aubry, Yannis"]
[Result "1-0"]
[WhiteElo "2514"]
[BlackElo "2184"]
[PlyCount "57"]
[EventDate "2013.10.20"]
[EventType "team"]
[EventRounds "7"]
[EventCountry "GRE"]
[WhiteTeam "Odlar Yurdu"]
[BlackTeam "Sautron"]

1. e4 e6 2. b3 d5 3. Bb2 dxe4 4. Nc3 Nf6 5. Qe2 Be7 6. O-O-O Nbd7 7. g4 Nc5 8.
g5 Nd5 9. Nxe4 Nxe4 10. Qxe4 Bxg5 11. Bxg7 Bf6 12. Bxh8 Bxh8 13. Ne2 Qe7 14.
Kb1 Bd7 15. Rg1 O-O-O 16. Qxh7 Qa3 17. c3 Bb5 18. Rg8 Bd3+ 19. Qxd3 Rxg8 20.
Qf3 Rd8 21. d4 c5 22. Qxf7 cxd4 23. cxd4 Kb8 24. Bg2 Qa6 25. Bxd5 exd5 26. Nc3
Rc8 27. Nxd5 Qa5 28. Qf4+ Ka8 29. Rc1 1-0

[Event "ECCC 2013"]
[Site "Rhodes"]
[Date "2013.10.20"]
[Round "1"]
[White "Sorin, Baptiste"]
[Black "Abasov, Nijat"]
[Result "0-1"]
[WhiteElo "2183"]
[BlackElo "2505"]
[PlyCount "142"]
[EventDate "2013.10.20"]
[EventType "team"]
[EventRounds "7"]
[EventCountry "GRE"]
[WhiteTeam "Sautron"]
[BlackTeam "Odlar Yurdu"]

1. e4 c6 2. d4 d5 3. Nc3 dxe4 4. Nxe4 Nf6 5. Nxf6+ exf6 6. Be2 Bd6 7. Nf3 O-O
8. O-O Re8 9. c3 Nd7 10. Re1 Nf8 11. h3 Qc7 12. Qc2 Be6 13. Be3 Ng6 14. Bd3 Qd7
15. Bf1 Re7 16. Rad1 Rae8 17. c4 Nf4 18. Bxf4 Bxf4 19. d5 cxd5 20. cxd5 Bf5 21.
Rxe7 Rxe7 22. Qc5 b6 23. Qc6 h5 24. Qxd7 Bxd7 25. Nd4 Be5 26. Nc6 Re8 27. b4
Bd6 28. a3 h4 29. Bb5 a6 30. Bc4 b5 31. Bd3 Kf8 32. Kf1 Bf4 33. Be2 Bd6 34. Bf3
g5 35. Re1 Bf4 36. Rxe8+ Kxe8 37. Ke2 Bc1 38. Nb8 Bxa3 39. Nxa6 Bc8 40. Nc7+
Kd8 41. d6 Bxb4 42. Nxb5 Ba6 43. Bc6 Bxd6 44. Kd3 f5 45. Kd4 Bb8 46. Kd5 Ke7
47. f3 Kf6 48. Bd7 Bb7+ 49. Kd4 Bh2 50. Kd3 Ke5 51. Ke3 Bg1+ 52. Ke2 Bd5 53.
Nc3 Bc4+ 54. Ke1 Bc5 55. Ne2 Bb4+ 56. Kf2 f4 57. Bc8 Bd2 58. Bd7 Kd6 59. Bc8
Bd3 60. Kf1 Kc7 61. Bg4 Kd8 62. Kf2 Kc7 63. Bh5 Bc4 64. Bg4 Be6 65. Bh5 Kd6 66.
Kf1 Kc5 67. Kf2 Kc4 68. Bg4 Kd3 69. Bh5 Ba5 70. Bg4 f5 71. Bh5 Kd2 0-1

[Event "ECCC 2013"]
[Site "Rhodes"]
[Date "2013.10.20"]
[Round "1"]
[White "Rapport, Richard"]
[Black "Shengelia, David"]
[Result "1-0"]
[WhiteElo "2676"]
[BlackElo "2556"]
[PlyCount "81"]
[EventDate "2013.10.20"]
[EventType "team"]
[EventRounds "7"]
[EventCountry "GRE"]
[WhiteTeam "Clichy Echecs 92"]
[BlackTeam "SK Advisory Invest Baden"]

1. d4 Nf6 2. c4 e6 3. Nc3 Bb4 4. Bg5 h6 5. Bh4 b6 6. f3 Nc6 7. e4 e5 8. a3
Bxc3+ 9. bxc3 Qe7 10. Ne2 d6 11. Bf2 Na5 12. Ng3 Be6 13. Bd3 O-O-O 14. Qe2 c5
15. Rb1 Qe8 16. Rb5 Bd7 17. Rb2 Kc7 18. Nf1 Bc8 19. Ne3 Ba6 20. Bh4 g5 21. Bg3
Kb7 22. O-O Nh5 23. Rfb1 Nxg3 24. hxg3 Qa4 25. Nd5 Nxc4 26. Rb3 Rc8 27. dxe5
dxe5 28. f4 Rc6 29. Qh5 Nd6 30. Bc2 Qa5 31. fxe5 c4 32. R3b2 Qc5+ 33. Kh2 Nc8
34. Qxf7+ Kb8 35. Ba4 Rf8 36. Qg7 Re6 37. Bd7 Rfe8 38. Rb5 Bxb5 39. Rxb5 R6e7
40. Qg6 Re6 41. Qxe6 1-0